Game of Thrones by Soccer Uniform Quiz Stats

 Plays Quiz Updated Oct 1, 2015

Challenge
Share
Tweet
Score 0/11 Timer 04:00
12 Plays Today
% Correct
Stark
98.7%
Lannister
95.7%
Baratheon
88.8%
Targaryen
86.8%
Bolton
85.1%
Martell
81.8%
Tully
79.3%
Tyrell
76.1%
Arryn
69.9%
Night's Watch
60.5%
White Walkers
43.5%

You're not logged in!

Compare scores with friends on all Sporcle quizzes.
OR
Log In

You Might Also Like...

Show Comments

Extras

Top Quizzes Today


Score Distribution

Your Account Isn't Verified!

In order to create a playlist on Sporcle, you need to verify the email address you used during registration. Go to your Sporcle Settings to finish the process.

Report this User

Report this user for behavior that violates our Community Guidelines.

Details: